Pokémon by Signature Ability #2 - Click Quiz - Statistics

General Stats
  • This quiz has been taken 9 times
  • The average score is 14 of 18
Answer Stats
Hint Answer % Correct
Purifying Salt Garganacl
100%
Thermal Exchange Baxcalibur
86%
As One Calyrex
86%
Gulp Missile Cramorant
86%
Zen Mode Darmanitan
86%
Long Reach Decidueye
86%
Imposter Ditto
86%
Cotton Down Eldegoss
86%
Emergency Exit Golisopod
86%
Anger Shell Klawf
86%
Comatose Komala
86%
Wandering Spirit Runerigus
86%
Toxic Debris Glimmora
71%
Gale Wings Talonflame
71%
Embody Aspect Ogerpon
57%
Merciless Toxapex
57%
Flare Boost Drifblim
43%
Toxic Boost Zangoose
43%
No matching quizzes found
Score Distribution
Percent of People with Each Score
Percentile by Number Answered
Your Score History
You have not taken this quiz